000
00262nam a2200109Ia 4500
008
230907s9999||||xx |||||||||||||| ||und||
082
_a
362.20994
_b
MEN
245
0
_a
Mental health care :
260
_a
Wiley,
_b
Australia :
_c
2015
300
_a
587 p.
942
_c
BK
999
_c
601047
_d
601047